| 000 | 00403nam a2200145Ia 4500 | ||
|---|---|---|---|
| 008 | 181022s9999 xx 000 0 und d | ||
| 020 | _a9781305295728 | ||
| 100 | _aSerway, Raymond A. | ||
| 245 |
_cRamond A. Serway, John W. Jewett Jr.-- _aUniversity physics / |
||
| 250 | _a9th ed | ||
| 260 |
_aUSA : _bCengage learning _c2016 |
||
| 300 | _axxviii, 688 pages. | ||
| 440 | _vvol 1 | ||
| 650 | _aPhysics. | ||
| 999 |
_c359285 _d359285 |
||